| 000 -LEADER |
| fixed length control field |
00622nam a2200205 a 4500 |
| 001 - CONTROL NUMBER |
| control field |
:::00001472$&:&@@ |
| 003 - CONTROL NUMBER IDENTIFIER |
| control field |
OkBaRHE |
| 005 - DATE AND TIME OF LATEST TRANSACTION |
| control field |
20120412115436.0 |
| 008 - FIXED-LENGTH DATA ELEMENTS--GENERAL INFORMATION |
| fixed length control field |
s1985 g 000 0 eng u |
| 020 ## - INTERNATIONAL STANDARD BOOK NUMBER |
| International Standard Book Number |
0849982170 |
| 040 ## - CATALOGING SOURCE |
| Transcribing agency |
|
| 100 1# - MAIN ENTRY--PERSONAL NAME |
| Personal name |
Swindoll, Charles R. |
| 9 (RLIN) |
1408 |
| 245 10 - TITLE STATEMENT |
| Title |
Moses, God's man for a crisis Bible study guide. |
| Statement of responsibility, etc |
[Editor, Bill Watkins] |
| 260 ## - PUBLICATION, DISTRIBUTION, ETC. (IMPRINT) |
| Place of publication, distribution, etc |
Fullerton, CA., : |
| Name of publisher, distributor, etc |
Insight for Living |
| Date of publication, distribution, etc |
c1985 |
| 300 ## - PHYSICAL DESCRIPTION |
| Extent |
110 p. ; |
| Dimensions |
22 cm. |
| 600 ## - SUBJECT ADDED ENTRY--PERSONAL NAME |
| Personal name |
Moses (Biblical leader). |
| 9 (RLIN) |
2384 |
| 650 ## - SUBJECT ADDED ENTRY--TOPICAL TERM |
| Topical term or geographic name as entry element |
Bible. O.T. |
| General subdivision |
Biography. |
| 9 (RLIN) |
2385 |
| 700 ## - ADDED ENTRY--PERSONAL NAME |
| Personal name |
Watkins, William D., Ed. |
| 9 (RLIN) |
2386 |
| 942 ## - ADDED ENTRY ELEMENTS (KOHA) |
| Source of classification or shelving scheme |
|
| Koha item type |
Books |